Presidents of Mexico - Statistics

General Stats
  • This quiz has been taken 36 times
  • The average score is 17 of 86
Answer Stats
Years Served Answer % Correct
2018 - 2024 Andrés Manuel López Obrador
90%
1857 - 1872 Benito Juárez
60%
1876 Porfirio Díaz
57%
1877 - 1880 Porfirio Díaz
57%
1884 - 1911 Porfirio Díaz
57%
2012 - 2018 Enrique Peña Nieto
50%
1824 - 1829 Guadalupe Victoria
50%
1833 Antonio López de Santa Anna
47%
1833 Antonio López de Santa Anna
47%
1833 - 1834 Antonio López de Santa Anna
47%
1839 Antonio López de Santa Anna
47%
1841 - 1842 Antonio López de Santa Anna
47%
1843 Antonio López de Santa Anna
47%
1844 Antonio López de Santa Anna
47%
1847 Antonio López de Santa Anna
47%
1847 Antonio López de Santa Anna
47%
1853 - 1855 Antonio López de Santa Anna
47%
1988 - 1994 Carlos Salinas de Gortari
40%
2024 - Presenr Claudia Sheinbaum Pardo
37%
1976 - 1982 José López Portillo
37%
2000 - 2006 Vicente Fox Quesada
37%
1920 - 1924 Álvaro Obregón
33%
1911 - 1913 Francisco I. Madero
33%
1829 Vicente Guerrero
33%
1841 Francisco Javier Echeverría
30%
1847 Manuel de la Peña y Peña
30%
1848 Manuel de la Peña y Peña
30%
1924 - 1928 Plutarco Elías Calles
30%
1914 - 1920 Venustiano Carranza
30%
1913 - 1914 Victoriano Huerta
30%
1994 - 2000 Ernesto Zedillo Ponce de León
27%
2006 - 2012 Felipe Calderón Hinojosa
27%
1964 - 1970 Gustavo Díaz Ordaz
27%
1920 Adolfo de la Huerta
23%
1934 - 1940 Lázaro Cárdenas del Río
17%
1982 - 1988 Miguel de la Madrid Hurtado
17%
1830 - 1832 Anastasio Bustamante
13%
1837 - 1839 Anastasio Bustamante
13%
1839 - 1841 Anastasio Bustamante
13%
1839 Nicolás Bravo
13%
1843 - 1843 Nicolás Bravo
13%
1846 Nicolás Bravo
13%
1872 - 1876 Sebastián Lerdo de Tejada
13%
1932 - 1934 Abelardo L. Rodríguez
10%
1958 - 1964 Adolfo López Mateos
10%
1970 - 1976 Luis Echeverría Álvarez
10%
1940 - 1946 Manuel Ávila Camacho
10%
1946 - 1952 Miguel Alemán Valdés
10%
1913 Pedro Lascuráin
10%
1952 - 1958 Adolfo Ruiz Cortines
7%
1928 - 1930 Emilio Portes Gil
7%
1832 Melchor Múzquiz
7%
1914 - 1915 Eulalio Gutiérrez
3%
1855 - 1857 Ignacio Gregorio Comonfort de los Ríos
3%
1836 - 1837 José Justo Corro
3%
1829 José María Bocanegra
3%
1855 Juan Álvarez
3%
1832 - 1833 Manuel Gómez Pedraza
3%
1843 - 1844 Valentín Canalizo
3%
1844 Valentín Canalizo
3%
1833 Valentín Gómez Farías
3%
1833 Valentín Gómez Farías
3%
1833 - Valentín Gómez Farías
3%
1834 - 1835 Valentín Gómez Farías
3%
1846 - 1847 Valentín Gómez Farías
3%
1915 Francisco Lagos Cházaro
0%
1911 Francisco León de la Barra
0%
1914 Francisco S. Carvajal
0%
1844 José Joaquín de Herrera
0%
1844 - 1845 José Joaquín de Herrera
0%
1848 - 1851 José Joaquín de Herrera
0%
1876 José María Iglesias
0%
1846 José Mariano Salas
0%
1853 Juan Bautista Ceballos
0%
1876 - 1877 Juan N. Méndez
0%
1880 - 1884 Manuel González Flores
0%
1853 Manuel María Lombardini
0%
1851 - 1853 Mariano Arista
0%
1845 - 1846 Mariano Paredes
0%
1855 Martín Carrera
0%
1835 - 1836 Miguel Barragán
0%
1930 - 1932 Pascual Ortiz Rubio
0%
1847 Pedro María de Anaya
0%
1847 - 1848 Pedro María de Anaya
0%
1855 Rómulo Díaz de la Vega
0%
1915 Roque González Garza
0%
No matching quizzes found
Score Distribution
Percent of People with Each Score
Percentile by Number Answered
Your Score History
You have not taken this quiz